1444 1916 1411 1439 1024 1994 1346 1787 1088 1989 1747 1578 1296 1901 1231 1168 1981 1136 1398 1746 1717 1244 1273 1835 1626 1362 1623 1344 1019 1281 1730 1927 1534 1101 1639 1354 1587 1418 1629 1220 1076 1627 1523 1617 1217 1793 1348 1658 1783 1815 1606 1778 1766 1052 1449 1649 1856 1224 1248 1921 1739 1413 1433 1970 1831 1638 1952 1630 1612 1112 1955 1587 1037 1187 1651 1752 1822 1477 1237 1471 1230 1505 1525 1900 1817 1198 1773 1580 1595 1096 1876 1636 1014 1952 1559 1319 1532 1971 1960 BCNSPRNW ULIB Ver.6.0+V

เปลี่ยนเป็นภาษาไทย

Change to English
 แสดงรายละเอียดบรรณานุกรม
  กลับหน้าหลัก

Brief Record : Get Marc (ISO 2709) : E-mail record : QR code < ปิดหน้าต่าง
LEADER : 00000nam 2200000uu 4500
001    13399128657
003     ULIB
008    230925s||||||||th 000 0 tha d
020    ^a9786165660495
050  0 ^aPZ895.914^b.ว617ห
100 0  ^aวินทร์ เลียววาริณ.
245 1  ^aเหตุผลที่ตื่นขึ้นมาในตอนเช้า /^cวินทร์ เลียววาริณ.
260    ^aกรุงเทพฯ : ^b113,^c2565.
300    ^a239 หน้า : ^bภาพประกอบ : ^c21 ซม.
440  0 ^aรวมบทความเสริมกำลังใจ ;^vชุด 17
520    ^aaเพราะว่าเราเกิดมาแล้วในโลกนี้ เราจะเลือกใช้ชีวิตแต่ละวันอย่างไร ทุกข์หรือสุข? ในโลกมีอะไรดีกว่า ความสามารถลืมตาในตอนเช้าแล้วยิ้มได้?.
650  7 ^aความรัก.
650  7 ^aกำลังใจ.
650  7 ^aความเรียง.
945    ^p225^l0^i30018
999    ^aกัณชพร จุลอักษร
รายการนี้ยังไม่มีแท็ก
คุณยังไม่ได้ล็อกอิน คุณสามารถมีกิจกรรมร่วมกับเว็บไซต์ได้ แต่ต้องล็อกอินก่อน ::
  ล็อกอิน

รายการสื่อสารสนเทศ

ลำดับที่ ประเภท เลขเรียก/บาร์โค้ด สถานที่ สถานะ
1. วิทยาศาสตร์การแพทย์ และสุขภาพ
วิทยาศาสตร์การแพทย์ และสุขภาพ
PZ895.914 .ว617ห ฉ.1 
  Barcode: 30018
ห้องสมุดวิทยาเขตสวรรค์ประชารักษ์
►นวนิยาย
บนชั้น
  ขอยืม

รายการใกล้เคียง
    ผู้แต่ง [วินทร์ เลียววาริณ.]

    หัวเรื่อง [ความรัก.]
    หัวเรื่อง [กำลังใจ.]
    หัวเรื่อง [ความเรียง.]

BibComment


ยังไม่เคยถูกคอมเมนท์

คอมเมนท์ทรัพยากรรายการนี้
  คอมเมนท์: เหตุผลที่ตื่นขึ้..


 Copyright 2026. Bcnsprnw @Library